| 000 | 00675nab a2200193 4500 | ||
|---|---|---|---|
| 001 | 244442 | ||
| 003 | OSt | ||
| 005 | 20230517114813.0 | ||
| 007 | tu | ||
| 008 | 200917s2020||||||| | ||
| 040 |
_aDE-2950 _cDE-2950 |
||
| 245 | 0 | 0 |
_aRücktritt der Vorsitzenden und Streit um neues Katzenhaus. _bEhrenamt. Die Kraft der Mitglieder des Frankfurter Tierschutzvereins sollten jetzt dem Aufbau des neuen Katzenhauses gelten. Stattdessen gibt es Querelen / _cInes Weber-Rath |
| 264 | _c2023 | ||
| 653 | _aFrankfurt (Oder) | ||
| 653 | _aTierschutzverein | ||
| 653 | _aKatzenhaus | ||
| 773 | 0 |
_g34. Jahrgang (2023) Nr. 111 vom 13.05.2023, S. 15 _tMärkische Oderzeitung |
|
| 942 |
_2z _cA |
||
| 999 |
_c372465 _d372465 |
||